书目信息 |
| 题名: |
公共场所消毒技术规范
|
|
| 作者: | ;上海市消毒品协会 编 | |
| 分册: | ||
| 出版信息: | 北京 中国标准出版社 2006.01 |
|
| 页数: | 82页 | |
| 开本: | 30cm | |
| 丛书名: | ||
| 单 册: | ||
| 中图分类: | R126.4 | |
| 科图分类: | ||
| 主题词: | 公共场所--gong gong chang suo--消毒--规范 , 环境卫生--huan jing wei sheng | |
| 电子资源: | ||
| ISBN: | 7-5066-3966-1 | |
| 000 | 00996nam0 2200241 450 | |
| 001 | 012007157172 | |
| 005 | 20070930105651.68 | |
| 010 | @a7-5066-3966-1@dCNY15.00 | |
| 100 | @a20070815d2006 km y0chiy0120 ea | |
| 101 | 0 | @achi |
| 102 | @aCN@b110000 | |
| 105 | @ay z 000yy | |
| 200 | 1 | @a公共场所消毒技术规范@Agong gong chang suo xiao du ji shu gui fan@d= Technical standard for disinfection of public place@f上海市消毒品协会编@Fshang hai shi xiao du pin xie hui bian@zeng |
| 210 | @a北京@c中国标准出版社@d2006.01 | |
| 215 | @a82页@d30cm | |
| 330 | @a本书主要讲述了总则;医疗卫生服务机构内公共场所和公共用品的消毒;宾馆、饭店、茶馆、酒吧的消毒;商场、购物场所的消毒等内容。 | |
| 510 | 1 | @aTechnical standard for disinfection of public place@zeng |
| 606 | 0 | @a公共场所@Agong gong chang suo@x消毒@x规范 |
| 606 | 0 | @a环境卫生@Ahuan jing wei sheng |
| 690 | @aR126.4@v4 | |
| 711 | 02 | @a上海市消毒品协会@Ashang hai shi xiao du pin xie hui@4编 |
| 801 | 0 | @aCN@c20070930 |
| 905 | @dR126.4@eS270 | |
| 公共场所消毒技术规范= Technical standard for disinfection of public place/上海市消毒品协会编.-北京:中国标准出版社,2006.01 |
| 82页;30cm |
| ISBN 7-5066-3966-1:CNY15.00 |
| 本书主要讲述了总则;医疗卫生服务机构内公共场所和公共用品的消毒;宾馆、饭店、茶馆、酒吧的消毒;商场、购物场所的消毒等内容。 |
| ● |
| 相关链接 |
|
|
|
正题名:公共场所消毒技术规范
索取号:R126.4/S270
 
预约/预借
| 序号 | 登录号 | 条形码 | 馆藏地/架位号 | 状态 | 备注 |
| 1 | 254614 | 202546147 | 期刊室512/401自科库 103排5列2层/ [索取号:R126.4/S270] | 在馆 | |
| 2 | 254615 | 202546156 | 期刊室512/401自科库 103排5列2层/ [索取号:R126.4/S270] | 在馆 | |
| 3 | 254616 | 202546165 | 自科库401/401自科库 103排5列2层/ [索取号:R126.4/S270] | 在馆 |